000 00503nam a2200205 i 4500
001 6569
003 ES-MaACL
005 20230906145010.0
007 t|
008 900115s1989 sp |||| | spa d
020 _a84-01-37382-4
080 _a821.134.2(82)-32"19"
100 0 _aSilo.
_9148139
245 1 0 _aExperiencias guiadas /
_cSilo.
250 _a1ª ed.
260 _aBarcelona :
_bPlaza & Janés,
_c1989.
300 _a124 p. ;
_c19 cm.
500 _aÍndice.
852 _aES-MaACL
_jL-13709
999 _c6569
_d6569